Normal view
MARC view
- ادارة -- مؤسسات اجتماعية
Entry Topical Term
001 - CONTROL NUMBER
- control field: 16499
003 - CONTROL NUMBER IDENTIFIER
- control field: JO-AjAnu
005 - DATE AND TIME OF LATEST TRANSACTION
- control field: 20230606072930.0
008 - FIXED-LENGTH DATA ELEMENTS
- fixed length control field: 230606|| aca||aabn | a|a d
040 ## - CATALOGING SOURCE
- Original cataloging agency: JO-AjAnu
- Transcribing agency: JO-AjAnu
150 ## - HEADING--TOPICAL TERM
- Topical term or geographic name entry element: ادارة -- مؤسسات اجتماعية
670 ## - SOURCE DATA FOUND
- Source citation: Work cat.: (JO-AjAnu)8473: والدو ، دوايت / الشريف عبود ، مترجم / كمال دسوقى ، مشرف , author 16498, دراسة الإدارة العامة